[Event "FRA-chT 8384"]
[Site "France"]
[Date "1984.12.18"]
[Round "?"]
[White "Lagane, Lionel"]
[Black "Prie, Eric"]
[Result "0-1"]
[WhiteElo "2375"]
[BlackElo "2370"]
[PlyCount "58"]
[EventDate "1983.10.25"]
[EventType "team-tourn"]
[EventRounds "11"]
[EventCountry "FRA"]
[SourceTitle "EXT 2008"]
[Source "ChessBase"]
[SourceDate "2007.11.25"]
[SourceVersion "1"]
[SourceVersionDate "2007.11.25"]
[SourceQuality "1"]
[BlackTeam "Chess Max Center"]
[BlackTeamCountry "FRA"]

1. c4 b6 2. Nc3 c5 3. e3 Bb7 4. d4 g6 5. Nf3 Bg7 6. Be2 Nf6 7. d5 d6 8. 0-0 0-0 9. Qc2 Na6 10. Ne1 e6 11. e4 exd5 12. cxd5 Nc7 13. Bf4 Re8 14. a4 a6 15. f3 Nh5 16. Qd2 Nxf4 17. Qxf4 Nxd5 18. exd5 Bxc3 19. bxc3 Rxe2 20. c4 b5 21. Rb1 b4 22. Nd3 Qc7 23. Nf2 f5 24. h4 Rae8 25. h5 Qe7 26. hxg6 hxg6 27. Qh6 Qg7 28. Qg5 Kf7 29. Nh3 Qf6 0-1